000 05984nam a22002777a 4500
003 NALT
005 20250919104923.0
008 241211b th ||||| |||| 00| 0 tha d
040 _aNALT
086 _aสว 18 7.3 352.14 2566
110 2 _aสำนักงานเลขาธิการวุฒิสภา.
_bสำนักกรรมาธิการ 3
_91863
245 1 0 _aรายงานการพิจารณาศึกษา เรื่อง "ข้อเสนอการพัฒนาระบบข้อมูลตำบลรองรับการจัดการตำบลเข้มแข็งแบบหุ้นส่วนตามยุทธศาสตร์ชาติด้านที่ 4 การสร้างโอกาสและความเสมอภาคทางสังคม" ของคณะกรรมาธิการการพัฒนาสังคม และกิจการเด็ก เยาวชน สตรี ผู้สูงอายุ คนพิการ และผู้ด้อยโอกาส วุฒิสภา /
_cสำนักกรรมาธิการ 3 สำนักงานเลขาธิการวุฒิสภา.
260 _aกรุงเทพฯ :
_bสำนักงานเลขาธิการวุฒิสภา ;
_c2566.
300 _a1 เล่ม :
_bภาพประกอบ, ตาราง, แผนภูมิ ;
_c29 ซม.
505 2 _aบทที่ 1 บทนำ -- 1. ความเป็นมาของการพิจารณาศึกษา -- 2. วัตถุประสงค์ของการศึกษา -- 3. ขอบเขตของการพิจารณาศึกษา -- 4. วิธีการพิจารณาศึกษา -- 5. ประโยชน์ที่คาดว่าจะได้รับ -- บทที่ 2 กฎหมายและนโยบายที่เกี่ยวข้อง -- 1. รัฐธรรมนูญแห่งราชอาณาจักรไทย พุทธศักราช 2560 -- 2. ยุทธศาสตร์ชาติ 20 ปี (พ.ศ. 2561 - 2580) -- 3. แผนแม่บทภายใต้ยุทธศาสตร์ชาติ -- 4. แผนการปฏิรูปประเทศ -- 5. พระราชบัญญัติระเบียบบริหารราชการแผ่นดิน พ.ศ. 2534 และที่แก้ไขเพิ่มเติม -- 6. พระราชบัญญัติกำหนดแผนและขั้นตอนการกระจายอำนาจให้แก่องค์กรปกครองส่วนท้องถิ่น พ.ศ. 2542 -- 7. พระราชกฤษฎีกาว่าด้วยการบริหารงานเชิงพื้นที่แบบบูรณาการ พ.ศ. 2565 -- 8. ระเบียบกระทรวงมหาดไทยว่าด้วยการจัดทำแผนและประสานแผนพัฒนาพื้นที่ในระดับอำเภอและตำบล พ.ศ. 2562 -- 9. แผนพัฒนาเศรษฐกิจและสังคมแห่งชาติ ฉบับที่ 13 -- บทที่ 3 ผลการศึกษา -- 1. ข้อมูลและสารสนเทศระดับชุมชนและตำบล -- 2. หน่วยงานที่มีการจัดเก็บข้อมูลระดับตำบล -- 3. การพิจารณาติดตาม เสนอแนะ และเร่งรัดการปฏิรูปประเทศ และการจัดทำและดำเนินการตามยุทธศาสตร์ชาติ ในประเด็นแผนการปฏิรูปประเทศ (ฉบับปรับปรุง) ด้านสังคม ในกิจกรรมปฏิรูปที่ 2 การผลักดันให้มีฐานข้อมูลทางสังคมและคลังความรู้ในระดับพื้นที่ -- 4. การเปรียบเทียบระบบข้อมูลในระดับชุมชนและตำบล -- 5. แนวทางการบริหารงานเชิงพื้นที่แบบบูรณาการ -- 6. การปฏิรูปการจัดการตำบลเข้มแข็งกับระบบข้อมูลตำบล -- บทที่ 4 บทสรุปและข้อเสนอแนะ -- 1. บทสรุป -- 2. ข้อเสนอแนะ.
610 2 4 _aคณะกรรมาธิการการพัฒนาสังคมและกิจการเด็ก เยาวชน สตรี ผู้สูงอายุ คนพิการและผู้ด้อยโอกาส วุฒิสภา
_xรายงาน
_942920
650 4 _aความเสมอภาค
_912641
650 4 _aการปกครองท้องถิ่น
_xรายงาน
_951028
710 2 _aคณะกรรมาธิการการพัฒนาสังคมและกิจการเด็ก เยาวชน สตรี ผู้สูงอายุ คนพิการและผู้ด้อยโอกาส วุฒิสภา.
_942937
856 4 0 _uhttps://dl.parliament.go.th/handle/20.500.13072/614254
942 _cPAR
_2local
996 _akanyakorn.i
_bLIBSTF
_c2024-12-11
996 _ajamriang.p
_bCATSTF
_c2024-12-16
999 _c106212
_d106212
998 _j1020
_k นางจำเรียง ระวังสำโรง